000 00432nam a22001577a 4500
003 MPLRDC
005 20220104165105.0
008 210129b ||||| |||| 00| 0 eng d
082 _a051.5 K1VIC 1979
100 _aTHE VICTORIA INSTITUTION
245 _aTHE MAGAZINE OF THE VICTORIA INSTITUTION. VOLUME XXIII NO. 7
_c
260 _a
_bTHE VICTORIA INSTITUTION
_c1979
300 _b
650 _a
942 _cBK
_o051.5 K1VIC 1979
999 _c57298
_d57288